00722nam a2200169 a 450000100100000000500170001000800410002704000250006808200150009310000370010824501660014526000700031130000310038104900090041295201140042199900170053500003018720200930060121.0110504s1981 dr c 000 0 spa d aDO-SdBNPbspacBNPHU axxxbP441m1 aPeriche Vidal, Fernándo95530710aMensaje de despedida del ing. Fernando Periche Vidal en el acto de toma de posesión del nuevo administrador general de la C. D. E. Lic. José E. Florentino R. aSanto Domingo :bCorporación Dominicana de Electricidad,c1981. a[14 p.] :bretr. ;c23 cm. aBNPD 00107-18PDaPDbPDcOId2011-05-04iLF1l0oxxx P441mp30187-10r2020-06-25w2020-06-25yLFPDZNo se presta c29679d29679